Garek, Martin: Horná Orava a severný Spiš v rokoch 1945-1947

Bibliographic Details
Main Author: Fialová, Ivana (Author)
Format: Article
Language:Slovak
ISBN:9788080821883
Subjects:

MARC

LEADER 00000nab a2200000 a 4500
001 vtls010117582
003 SK-MaSNL
005 20260304184033.0
008 250708|2008 xo |||||||||||||| ||slo
015 |a SNBRA2010/07  |2 snkbucl 
035 |a (uuid)631a0425-39c8-4a20-9211-be4c58fc9bd8 
035 |a urn:nbn:sk:snk-abf5tj 
035 |a (urnnbn)urn:nbn:sk:snk:ar-a09xj6 
038 |a SNKBUCL 
040 |a SNKBUCL  |b slo  |c SNKBUCL  |e AACR2 
041 0 |a slo 
044 |a xo  |c SK 
080 |a 94(437.6)"1945/1947"  |2 2001 
080 |a 94(438)"1945/1947"  |2 2001 
100 1 |a Fialová, Ivana  |4 aut  |9 545977 
245 1 0 |a Garek, Martin: Horná Orava a severný Spiš v rokoch 1945-1947  |c Ivana Fialová 
504 |a Bibliogr. odkazy 
648 7 |a 1945-1947  |2 snkbucl  |9 281131 
650 0 7 |a regionálne dejiny  |2 snkbucl  |9 63645 
650 0 7 |a slovensko-poľské vzťahy  |2 snkbucl  |9 652229 
650 0 7 |a monografie  |2 snkbucl  |9 256509 
651 7 |a Orava (Slovensko : región)  |2 snkbucl  |9 116635 
651 7 |a Spiš (Slovensko : región)  |2 snkbucl  |9 17692 
655 7 |a recenzie  |2 snkbucl  |9 21907 
773 0 |t Studia Historica Tyrnaviensia VII  |d Trnava : Filozofická fakulta Trnavskej univerzity, 2008  |g S. 223-225  |z 9788080821883 
787 0 8 |i Rec.:  |a Garek, Martin, 1980-  |t Horná Orava a severný Spiš v rokoch 1945-1947  |d Karkov : Spolok Slovákov v Poľsku, 2007 
850 |a Slovenská národná knižnica 
852 |a Slovenská národná knižnica 
954 |a odborná, vedecká literatúra pôvodná (slovenská)  |2 lita 
958 |a article27 
958 |a NB 
958 |a RC 
958 |a SK 
958 |a PL 
958 |a OND 
958 |a EUIPO 
999 |c 3036588  |d 3038518